Normal view
MARC view
- Patra, SK
Entry Personal Name
001 - CONTROL NUMBER
- control field: 7011
003 - CONTROL NUMBER IDENTIFIER
- control field: OSt
005 - DATE AND TIME OF LATEST TRANSACTION
- control field: 20250128114908.0
008 - FIXED-LENGTH DATA ELEMENTS
- fixed length control field: 250128|| aca||aabn | a|a d
040 ## - CATALOGING SOURCE
- Original cataloging agency: OSt
- Transcribing agency: OSt
100 ## - HEADING--PERSONAL NAME
- Personal name: Patra, SK
670 ## - SOURCE DATA FOUND
- Source citation: Work cat.: (OSt)19160: Gite, LP 5437, Sourcing and Fertilizer Application Equipment of India
